Gordis Epidemiology (Record no. 22839)

MARC details
000 -LEADER
fixed length control field 00355nam a22001697a 4500
003 - CONTROL NUMBER IDENTIFIER
control field SGT
020 ## - INTERNATIONAL STANDARD BOOK NUMBER
International Standard Book Number 9788131261828
082 ## - DEWEY DECIMAL CLASSIFICATION NUMBER
Classification number 614.4
Item number E21C
100 ## - MAIN ENTRY--PERSONAL NAME
Personal name Celentano, David D.
245 ## - TITLE STATEMENT
Title Gordis Epidemiology
250 ## - EDITION STATEMENT
Edition statement 3rd
260 ## - PUBLICATION, DISTRIBUTION, ETC. (IMPRINT)
Name of publisher, distributor, etc Elsevier
Year of Publication 2021
300 ## - PAGE DESCRIPTION
No. of Pages 420
650 ## - SUBJECT ADDED ENTRY--TOPICAL TERM
Topical term or geographic name as entry element Epidemiology
653 ## - KEYWORDS--INDEX TERM
Keyword term Epidemiology
942 ## - ADDED ENTRY ELEMENTS (KOHA)
Source of classification or shelving scheme Dewey Decimal Classification
Koha item type Books
Holdings
Withdrawn status Lost status Source of classification or shelving scheme Damaged status Not for loan Home library Current library Shelving location Date acquired Vendor Name Cost, normal purchase price SGTU Bill Number Full call number Accession No. (Barcode) Date last seen Bill Date Koha item type
    Dewey Decimal Classification   Not For Loan SGT Dental Library SGT Dental Library Reference Book 11/06/2022 Ahuja Book Co. Pvt. Ltd. 2295.00 SGTU 14353 614.4 E21C FD8910 11/06/2022 16/04/2022 Books